Kinetik kimia

Bibliographic Details
Main Author: Laidler, Keith J.
Format: Book
Published: Kuala Lumpur : Dewan Bahasa dan Pustaka , 1990

MARC

LEADER 00000cam a2200000 7i4500
001 0000079392
005 20180414.0
008 180414
020 |a 9836213686 
090 0 0 |a 531.113   |b LAI 
100 0 |a Laidler, Keith J. 
245 1 0 |a Kinetik kimia   |c Keith J. Laidler 
260 |a Kuala Lumpur :   |b Dewan Bahasa dan Pustaka ,   |c 1990 
300 |a 696pg. 
500 |a Included index 
999 |a 0000148025   |b Book   |c Adult Collection   |e Cawangan Muar